|
|
|
|
| LEADER |
00909cam a2200241 a 4500 |
| 001 |
0000089599 |
| 005 |
20131128090000.0 |
| 040 |
|
|
|a mod
|
| 041 |
|
|
|a eng
|
| 020 |
0 |
0 |
|a 023396603X
|
| 090 |
0 |
0 |
|a 025.4
|b SAY
|e 1975
|
| 100 |
1 |
0 |
|a Sayers, W. C. Berwic
|q (William Charles Berwick)
|d 1881-1960.
|
| 245 |
1 |
0 |
|a Sayers' Manual of classification for librarians.
|
| 250 |
0 |
0 |
|a 5th ed.
|b [revised by] Arthur Maltby.
|
| 260 |
0 |
0 |
|a London
|b Deutsch
|c 1975.
|
| 300 |
0 |
0 |
|a 336 p., plate
|b port.
|c 23 cm.
|
| 490 |
0 |
0 |
|a A Grafton book
|
| 500 |
0 |
0 |
|a Originally published in 1926 under title: A manual of classification for librarians and bibliographers.
|
| 504 |
0 |
0 |
|a Includes bibliographies and index
|
| 650 |
0 |
0 |
|a Classificatio
|x Books.
|
| 700 |
1 |
0 |
|a Maltby, Arthur.
|
| 740 |
0 |
0 |
|a Manual of classification for librarians.
|
| 999 |
|
|
|a B000014408
|b MK Pemerintahan Medan Barat TD
|d BOOKS
|e Umum
|f Markas Medan Sg. Besi KL
|j AVAILABLE
|q GOOD CONDITION
|